|
|
|
|
| LEADER |
01161nam a2200241 a 4500 |
| 001 |
31745 |
| 003 |
BD-DhAAL |
| 005 |
20230123164553.0 |
| 008 |
170708s20152001ii ||||| |||| 00| 1 ben d |
| 040 |
|
|
|a BD-DhAAL
|c BD-DhAAL
|
| 041 |
|
|
|a ben
|
| 082 |
|
|
|2 23
|a 891.44
|
| 100 |
|
|
|a সত্যজিৎ রায়
|9 21757
|
| 245 |
|
|
|a গল্প ১০১ /
|c সত্যজিৎ রায়
|
| 260 |
|
|
|a কলকাতা :
|b আনন্দ পাবলিশার্স,
|c ২০০১ (দ্বাদশ মুদ্রণ ২০১৫)
|
| 300 |
|
|
|a ৭৬৯ পৃষ্ঠা :
|b চিত্র ;
|c ২৫ সে.মি.
|
| 526 |
|
|
|a AAL
|
| 541 |
|
|
|e 31745, 31746
|
| 650 |
|
|
|a Bengali fiction
|9 21758
|
| 942 |
|
|
|2 ddc
|c BK
|
| 999 |
|
|
|c 38157
|d 38157
|
| 952 |
|
|
|0 0
|1 0
|2 ddc
|4 0
|6 891_440000000000000_ROY
|7 0
|9 60775
|a BRACUL
|b BRACUL
|c FIC
|d 2017-05-22
|e 24
|g 1100.00
|l 22
|m 163
|o 891.44 ROY
|p 3010031745
|q 2026-05-21
|r 2026-05-14
|s 2026-05-14
|t 1
|v 1100.00
|w 2017-05-22
|y BK
|
| 952 |
|
|
|0 0
|1 0
|2 ddc
|4 0
|6 891_440000000000000_ROY
|7 0
|9 60776
|a BRACUL
|b BRACUL
|c FIC
|d 2017-05-22
|e 24
|g 1100.00
|l 16
|m 182
|o 891.44 ROY
|p 3010031746
|q 2026-06-02
|r 2026-04-22
|s 2026-04-22
|t 2
|v 1100.00
|w 2017-05-22
|y BK
|